000 00567nam a2200229Ia 4500
003 OSt
005 20140311163144.0
008 140130s9999 xx 000 0 und d
020 _a0439087473
050 _aQL 125.5
_b.B47 2000
100 _aBerger, Melvin
_94942
245 _aDive! :
_cBerger, Melvin
_bA book of deep-sea creatures /
260 _bScholastic,
_c2000.
_aNew York :
300 _bcol. ill. ;
_c22 cm.
440 _v1
_931174
521 _aG3
526 _c520
942 _cBK
_2lcc
999 _c42062
_d42062